| 000 | 00866cam a2200277 4500 | ||
|---|---|---|---|
| 001 | 4076687 | ||
| 003 | OSt | ||
| 005 | 20200602142016.0 | ||
| 008 | 690905s1968 enkb b 001 0 eng | ||
| 010 | _a 71408463 | ||
| 015 | _aB69-03689 | ||
| 020 | _a9780198880387 | ||
| 040 |
_aDLC _coclc _dDLC |
||
| 050 | 0 | 0 |
_aHC255 _b.A8 1968 |
| 082 | 0 | 0 |
_a330.942 _bASH/I |
| 100 |
_aAshton, T S _92482 |
||
| 245 | 1 | 4 |
_aThe Industrial Revolution 1760-1830 / _c T. S. Ashton |
| 260 |
_aLondon, _aNew York [etc.] _bOxford U.P., _c1968. |
||
| 300 | _a135 p. | ||
| 350 | _a7/6 | ||
| 490 | 0 | _aOxford paperbacks university series, opus 38 | |
| 504 | _aBibliography: p. 130-132. | ||
| 651 | 0 |
_aGreat Britain _xEconomic conditions _y1760-1860. |
|
| 906 |
_a7 _bcbc _corignew _du _encip _f19 _gy-gencatlg |
||
| 942 |
_2ddc _cBK _h330.942 _iASH/I _k330.942 _mASH/I |
||
| 999 |
_c20149 _d20149 |
||